[Event "Montreal inv"]
[Site "Montreal CAN"]
[Date "1980.01.12"]
[Round "1"]
[White "Spraggett, Kevin"]
[Black "Zurowski, Henry"]
[Result "1-0"]
[WhiteElo "2389"]
[BlackElo "2008"]
[PlyCount "113"]
[EventDate "1980.01.12"]
[EventType "tourn"]
[EventRounds "9"]
[EventCountry "CAN"]

1. e4 c5 2. Nf3 g6 3. d4 Bg7 4. d5 d6 5. Be2 Nf6 6. Nc3 O-O 7. O-O Bg4 8. Nd2
Bxe2 9. Qxe2 Na6 10. Nc4 Nc7 11. a4 b6 12. Bf4 Nd7 13. Rad1 Ne5 14. Bxe5 Bxe5
15. Nxe5 dxe5 16. Rd3 Qd6 17. Rfd1 Rfd8 18. Nb1 Ne8 19. Rf3 Qd7 20. b3 Nd6 21.
Nd2 a6 22. Rh3 f6 23. Qe3 Qe8 24. f4 exf4 25. Qxf4 Nf7 26. Nf3 Rd6 27. Qh4 h6
28. Qf2 Kh7 29. a5 Rc8 30. axb6 Rxb6 31. Ra1 Qb5 32. c4 Qxb3 33. Ng5+ Nxg5 34.
Rxb3 Rxb3 35. e5 Rcb8 36. Re1 f5 37. Qxc5 R8b7 38. Rf1 Ne4 39. Qd4 Rb2 40. Rd1
Rc2 41. d6 exd6 42. exd6 Rd7 43. h3 h5 44. Qd3 Rc3 45. Qd5 Kh6 46. Qc6 Rxd6 47.
Rxd6 Nxd6 48. Qxd6 Rxc4 49. Qf8+ Kg5 50. Qd8+ Kh6 51. h4 Rc1+ 52. Kh2 Kg7 53.
Qe7+ Kg8 54. Qf6 Kh7 55. Qf7+ Kh6 56. Qg8 Rc7 57. Qh8+ 1-0

[Event "Montreal inv"]
[Site "Montreal CAN"]
[Date "1980.01.13"]
[Round "2"]
[White "Witt, Laszlo"]
[Black "Spraggett, Kevin"]
[Result "1-0"]
[WhiteElo "2259"]
[BlackElo "2389"]
[PlyCount "81"]
[EventDate "1980.01.12"]
[EventType "tourn"]
[EventRounds "9"]
[EventCountry "CAN"]

1. c4 Nf6 2. Nc3 g6 3. g3 Bg7 4. Bg2 O-O 5. d4 d6 6. Nf3 Nbd7 7. O-O e5 8. e3
Re8 9. Qc2 c6 10. Rd1 e4 11. Nd2 d5 12. b4 a6 13. a4 Nf8 14. Ba3 Ne6 15. b5 Ng5
16. bxc6 bxc6 17. Rdb1 Nh3+ 18. Bxh3 Bxh3 19. Rb7 Bc8 20. Rb2 Bf5 21. Rab1 Ng4
22. Bc5 Bh6 23. Nf1 dxc4 24. Rb6 Qc8 25. a5 Be6 26. Qa4 Qd8 27. Qxc6 Rc8 28.
Qa4 Bf8 29. Bxf8 Rxf8 30. Rxa6 Qf6 31. Rb2 Qf3 32. Qc2 Bf5 33. Rab6 Rfe8 34. a6
Nh6 35. Qe2 Qxe2 36. Rxe2 Re6 37. Reb2 Kg7 38. Nd2 Ra8 39. Rxe6 Bxe6 40. Ra2
Bc8 41. a7 1-0

[Event "Montreal inv"]
[Site "Montreal CAN"]
[Date "1980.01.14"]
[Round "3"]
[White "Spraggett, Kevin"]
[Black "Rohland, Michael"]
[Result "1-0"]
[WhiteElo "2389"]
[BlackElo "2200"]
[PlyCount "61"]
[EventDate "1980.01.12"]
[EventType "tourn"]
[EventRounds "9"]
[EventCountry "CAN"]

1. e4 c5 2. Nf3 e6 3. d3 d5 4. Nbd2 Nf6 5. g3 Nc6 6. Bg2 dxe4 7. dxe4 e5 8. O-O
Be6 9. c3 Qc7 10. Qe2 Be7 11. Nc4 O-O 12. Nh4 Rfe8 13. Nf5 Bf8 14. Bg5 Nd7 15.
Nfe3 b5 16. Nd5 Qb7 17. Nd2 c4 18. b3 cxb3 19. Nxb3 f6 20. Be3 Ne7 21. Na5 Qa6
22. Nc7 Qxa5 23. Nxe6 Rac8 24. Bh3 f5 25. exf5 Rc4 26. Nxf8 Rxf8 27. f6 Nxf6
28. Be6+ Kh8 29. Bxc4 bxc4 30. Qxc4 Rc8 31. Qe6 1-0

[Event "Montreal inv"]
[Site "Montreal CAN"]
[Date "1980.01.15"]
[Round "4"]
[White "Day, Lawrence"]
[Black "Spraggett, Kevin"]
[Result "1/2-1/2"]
[WhiteElo "2423"]
[BlackElo "2389"]
[PlyCount "79"]
[EventDate "1980.01.12"]
[EventType "tourn"]
[EventRounds "9"]
[EventCountry "CAN"]

1. g3 d5 2. Nf3 Nf6 3. Bg2 c6 4. O-O Bf5 5. b3 e6 6. Bb2 Be7 7. d3 h6 8. Nbd2
O-O 9. e3 a5 10. a3 Bh7 11. Qe2 c5 12. a4 Nc6 13. Ne5 Nb4 14. Rac1 Re8 15. e4
Bf8 16. Kh1 Nd7 17. Ndf3 f6 18. Nxd7 Qxd7 19. Ne1 Kh8 20. f4 Rad8 21. Bf3 Nc6
22. Bh5 Re7 23. Nf3 Qc8 24. Nh4 dxe4 25. dxe4 Nd4 26. Qe3 e5 27. Bg6 exf4 28.
Rxf4 Qc6 29. Bxd4 cxd4 30. Qd3 Rc7 31. c4 Bd6 32. Rf3 Be5 33. Re1 Qc5 34. Rd1
Bxg6 35. Nxg6+ Kh7 36. Nh4 g6 37. Qe2 Re7 38. Qd3 Qc6 39. Re1 Kg7 40. Ng2
1/2-1/2

[Event "Montreal inv"]
[Site "Montreal CAN"]
[Date "1980.01.17"]
[Round "6"]
[White "Spraggett, Kevin"]
[Black "Allan, Denis"]
[Result "1-0"]
[WhiteElo "2389"]
[BlackElo "2200"]
[PlyCount "77"]
[EventDate "1980.01.12"]
[EventType "tourn"]
[EventRounds "9"]
[EventCountry "CAN"]

1. d4 g6 2. c4 c6 3. e4 Bg7 4. Nc3 d6 5. Be3 f5 6. exf5 Bxf5 7. h3 Na6 8. Nf3
Nf6 9. Bd3 Qd7 10. d5 Nc7 11. Bxf5 Qxf5 12. Nd4 Qd7 13. dxc6 bxc6 14. O-O c5
15. Nde2 O-O 16. b3 Qe8 17. Qd2 Qf7 18. Rad1 Nd7 19. Ne4 Ne6 20. Ng5 Nxg5 21.
Bxg5 Ne5 22. Nc3 Nc6 23. Nd5 a6 24. Rde1 Ra7 25. Re4 Bd4 26. Bh6 Bg7 27. Bg5
Bd4 28. Qe2 e6 29. Rf4 Qe8 30. Re4 Raf7 31. Rxe6 Qd7 32. Ne7+ Nxe7 33. Rxe7
Rxf2 34. Rxf2 Rxf2 35. Qe4 Re2+ 36. Kf1 Rf2+ 37. Ke1 Qf5 38. Qa8+ Qf8 39. Re8
1-0

[Event "Montreal inv"]
[Site "Montreal CAN"]
[Date "1980.01.18"]
[Round "7"]
[White "Coudari, Camille"]
[Black "Spraggett, Kevin"]
[Result "1/2-1/2"]
[WhiteElo "2255"]
[BlackElo "2389"]
[PlyCount "89"]
[EventDate "1980.01.12"]
[EventType "tourn"]
[EventRounds "9"]
[EventCountry "CAN"]

1. e4 c5 2. Nf3 e6 3. d4 cxd4 4. Nxd4 Nf6 5. Nc3 d6 6. Be3 a6 7. f4 b5 8. Qf3
Bb7 9. Bd3 Nbd7 10. g4 Nc5 11. g5 b4 12. gxf6 bxc3 13. fxg7 Bxg7 14. bxc3 Qe7
15. Ne2 f5 16. Bxc5 dxc5 17. Qh5+ Qf7 18. Qxf7+ Kxf7 19. O-O-O fxe4 20. Bc4 Ke7
21. Rhg1 Bh6 22. Rg4 Rhf8 23. Rh4 Rf6 24. Rh5 Raf8 25. Re5 Rg6 26. Rxc5 Rc8 27.
Rxc8 Bxc8 28. Kd2 Rg2 29. Ke3 Rxh2 30. Rb1 e5 31. Kxe4 exf4 32. Nd4 Rh3 33. Bd3
Re3+ 34. Kd5 Bg7 35. Bxh7 Rxc3 36. Nf5+ Bxf5 37. Bxf5 Ra3 38. Bd3 Ra5+ 39. Ke4
Be5 40. Bc4 Bc7 41. Rb7 Kd8 42. Ra7 Re5+ 43. Kxf4 Rc5+ 44. Rxc7 Kxc7 45. Bxa6
1/2-1/2

[Event "Montreal inv"]
[Site "Montreal CAN"]
[Date "1980.01.19"]
[Round "8"]
[White "Spraggett, Kevin"]
[Black "Brodeur, Gilles"]
[Result "1-0"]
[WhiteElo "2389"]
[BlackElo "2112"]
[PlyCount "63"]
[EventDate "1980.01.12"]
[EventType "tourn"]
[EventRounds "9"]
[EventCountry "CAN"]

1. e4 d5 2. exd5 Nf6 3. c4 c6 4. Nc3 g6 5. d4 Bg7 6. dxc6 Nxc6 7. d5 Ne5 8. Qe2
Nh5 9. h3 f5 10. Nf3 Nf7 11. Qc2 O-O 12. Ng5 Nxg5 13. Bxg5 f4 14. Be2 Bf5 15.
Qb3 h6 16. Bxh5 hxg5 17. Bf3 Rf6 18. c5 Qa5 19. O-O Qxc5 20. d6+ Kh7 21. Qxb7
Rd8 22. dxe7 Re8 23. Nd5 Rd6 24. Rac1 Qd4 25. Rc7 Be6 26. Nc3 Rd7 27. Bc6 Rexe7
28. Bxd7 Be5 29. Rd1 Qxd1+ 30. Nxd1 Bxc7 31. Bxe6 f3 32. Qxf3 1-0

[Event "Quebec op"]
[Site "Montreal CAN"]
[Date "1979.07.21"]
[Round "5"]
[White "Spraggett, Kevin"]
[Black "Day, Lawrence"]
[Result "1-0"]
[WhiteElo "2389"]
[BlackElo "2414"]
[PlyCount "87"]
[EventDate "1979.07.17"]
[EventType "swiss"]
[EventRounds "8"]
[EventCountry "CAN"]

1. d4 Nf6 2. c4 d6 3. Nc3 c6 4. e4 e5 5. d5 Be7 6. Nf3 Nbd7 7. Be2 a6 8. O-O c5
9. a4 Nf8 10. a5 Ng6 11. Re1 h5 12. b4 cxb4 13. Qa4+ Nd7 14. Qxb4 Qc7 15. Na4
Bd8 16. Bd2 Rb8 17. Qa3 Nc5 18. Nxc5 dxc5 19. Be3 Be7 20. Nd2 Nf8 21. Nb3 Nd7
22. Reb1 g6 23. Nc1 f5 24. exf5 gxf5 25. Nd3 f4 26. Bd2 Bd6 27. f3 Nf6 28. Bf1
Bf5 29. Re1 O-O 30. Bc3 Rbe8 31. Qb2 Nd7 32. Nf2 Nf6 33. Bd3 Bc8 34. Re2 Qg7
35. Rae1 Nd7 36. Ne4 Be7 37. Kh1 Bh4 38. Rg1 Bg3 39. hxg3 fxg3 40. Qd2 Rf6 41.
Nxf6+ Nxf6 42. Rxe5 Rxe5 43. Bxe5 Ne4 44. Bxg7 1-0

[Event "Quebec op"]
[Site "Montreal CAN"]
[Date "1979.07.22"]
[Round "6"]
[White "Pelts, Roman"]
[Black "Spraggett, Kevin"]
[Result "1-0"]
[WhiteElo "2206"]
[BlackElo "2389"]
[PlyCount "81"]
[EventDate "1979.07.17"]
[EventType "swiss"]
[EventRounds "8"]
[EventCountry "CAN"]

1. Nf3 f5 2. d4 Nf6 3. g3 g6 4. Bg2 Bg7 5. O-O O-O 6. b3 d6 7. Bb2 c6 8. Nbd2
a5 9. Ne1 Na6 10. a3 Bd7 11. Nd3 Nc7 12. c4 Qe8 13. e3 Qf7 14. Qc2 Kh8 15. Rae1
Rfc8 16. f3 b5 17. e4 bxc4 18. bxc4 Nfe8 19. f4 fxe4 20. Nxe4 Rab8 21. Ba1 h6
22. Nd2 Ne6 23. Nf3 c5 24. d5 Nd4 25. Bxd4 cxd4 26. Nh4 Bf5 27. g4 Bxg4 28. Ne5
dxe5 29. Nxg6+ Kg8 30. fxe5 Rxc4 31. Nxe7+ Qxe7 32. Qxc4 Qxa3 33. d6+ Kh8 34.
Qf7 d3 35. Bd5 Qc5+ 36. Kh1 Nxd6 37. exd6 Rf8 38. Re8 Qxd5+ 39. Qxd5 Rxe8 40.
d7 Rd8 41. Rf7 1-0

[Event "Quebec op"]
[Site "Montreal CAN"]
[Date "1979.07.23"]
[Round "7"]
[White "Spraggett, Kevin"]
[Black "Witt, Laszlo"]
[Result "1-0"]
[WhiteElo "2389"]
[BlackElo "2297"]
[PlyCount "73"]
[EventDate "1979.07.17"]
[EventType "swiss"]
[EventRounds "8"]
[EventCountry "CAN"]

1. d4 Nf6 2. c4 e6 3. Nf3 b6 4. Nc3 Bb7 5. a3 Be7 6. d5 d6 7. e4 e5 8. Be2 O-O
9. O-O Nbd7 10. Ne1 Ne8 11. Nd3 g6 12. Bh6 Ng7 13. Qd2 Nc5 14. Nxc5 bxc5 15. b4
cxb4 16. axb4 a6 17. Be3 f5 18. f3 fxe4 19. fxe4 Rxf1+ 20. Bxf1 Rb8 21. c5 Bc8
22. Nd1 Nh5 23. c6 Nf6 24. Nf2 Nh5 25. Ra2 Ng7 26. Bxa6 Bxa6 27. Rxa6 Qc8 28.
Ra4 Ne8 29. Qe2 Ra8 30. Ra5 Nf6 31. h3 Kg7 32. g4 Rb8 33. b5 Qd8 34. Ra7 Ra8
35. Qa2 Rb8 36. b6 Ne8 37. b7 1-0

[Event "Quebec op"]
[Site "Montreal CAN"]
[Date "1979.07.23"]
[Round "8"]
[White "Lemyre, Pierre"]
[Black "Spraggett, Kevin"]
[Result "1/2-1/2"]
[WhiteElo "2128"]
[BlackElo "2389"]
[PlyCount "150"]
[EventDate "1979.07.17"]
[EventType "swiss"]
[EventRounds "8"]
[EventCountry "CAN"]

1. e4 c5 2. Nf3 e6 3. d4 cxd4 4. Nxd4 a6 5. Nc3 Qc7 6. Bd3 Nc6 7. Be3 Nf6 8.
O-O Be7 9. Nb3 d6 10. f4 b5 11. Qf3 Bb7 12. a4 b4 13. Nb1 a5 14. N1d2 Nb8 15.
Nd4 Nbd7 16. Qh3 O-O 17. Kh1 Qb8 18. Bf2 Nc5 19. Bh4 h6 20. Rae1 Qd8 21. Rf3
Rc8 22. Bf2 Kh8 23. Rg3 Nxd3 24. cxd3 Rc5 25. f5 e5 26. N4f3 Rc2 27. Be3 Ng8
28. Nc4 Ba6 29. Nb6 Bb7 30. Nc4 Ba6 31. Nb6 Bxd3 32. Qg4 Bf6 33. Nd5 Rc6 34.
Rh3 Bc4 35. Nxf6 Nxf6 36. Qh4 Ng8 37. Bg5 f6 38. Be3 d5 39. Qg4 d4 40. Bd2 Rf7
41. Qh5 Rfc7 42. g4 Bf7 43. Qh4 Rc2 44. g5 fxg5 45. Bxg5 Qd6 46. Qg3 R2c5 47.
Rg1 Be8 48. f6 h5 49. f7 Bxf7 50. Be7 Qh6 51. Bxc5 Rxc5 52. Nxe5 Be8 53. Nd3
Rc8 54. Qg5 Qxg5 55. Rxg5 Nf6 56. e5 Ne4 57. Rg4 Nd2 58. Rf4 Kg8 59. Kg1 Rd8
60. Kf2 Bxa4 61. Rxh5 Bc2 62. Ke2 Nc4 63. e6 Re8 64. Rxd4 Rxe6+ 65. Kf2 Bxd3
66. Rxd3 Nxb2 67. Rd8+ Kf7 68. Rxa5 Nc4 69. Ra7+ Kf6 70. Rf8+ Kg6 71. Rg8 Rf6+
72. Ke2 Re6+ 73. Kf2 Rf6+ 74. Kg3 Rf7 75. Rxf7 Kxf7 1/2-1/2

[Event "Montreal ch"]
[Site "Montreal CAN"]
[Date "1979.??.??"]
[Round "?"]
[White "Finta, Robert"]
[Black "Spraggett, Kevin"]
[Result "0-1"]
[WhiteElo "1874"]
[BlackElo "2370"]
[PlyCount "48"]
[EventDate "1979.01.06"]
[EventType "tourn"]
[EventRounds "7"]
[EventCountry "CAN"]

1. e4 c5 2. Nf3 Nc6 3. d4 cxd4 4. Nxd4 Nf6 5. Nc3 d6 6. Be2 e5 7. Nb3 Be7 8.
O-O O-O 9. Be3 a5 10. a4 Nb4 11. f4 Be6 12. f5 Bd7 13. Bf3 Bc6 14. Nd5 Bxd5 15.
exd5 e4 16. Be2 Nbxd5 17. Bd4 Nb4 18. Bb5 d5 19. Qe2 Nc6 20. c3 Nxd4 21. Nxd4
Bc5 22. Rad1 Qe7 23. Kh1 Qe5 24. Qe3 Qxh2+ 0-1

[Event "Montreal ch"]
[Site "Montreal CAN"]
[Date "1979.??.??"]
[Round "?"]
[White "Spraggett, Kevin"]
[Black "Labelle, Jacques"]
[Result "1/2-1/2"]
[WhiteElo "2370"]
[BlackElo "2134"]
[PlyCount "114"]
[EventDate "1979.01.06"]
[EventType "tourn"]
[EventRounds "7"]
[EventCountry "CAN"]

1. e4 e5 2. Nf3 Nc6 3. Bb5 a6 4. Ba4 Nf6 5. O-O Be7 6. Re1 b5 7. Bb3 d6 8. c3
O-O 9. h3 Na5 10. Bc2 c5 11. d4 Nd7 12. Nbd2 cxd4 13. cxd4 Nc6 14. d5 Nb4 15.
Bb1 a5 16. a3 Na6 17. b4 Nb6 18. Qb3 axb4 19. axb4 Bd7 20. Nf1 Qc7 21. Bd3 Rfc8
22. Ra3 Nc4 23. Ra2 Qb7 24. Ng3 Nc7 25. Rc2 Nb6 26. Be3 Ne8 27. Rxc8 Rxc8 28.
Nd2 Na4 29. Nb1 Bd8 30. Ne2 g6 31. Nec3 Nxc3 32. Nxc3 Bb6 33. Kh2 Ng7 34. Nd1
Bxe3 35. Nxe3 Qc7 36. Ra1 Qc3 37. Qxc3 Rxc3 38. Ra7 Rxd3 39. Rxd7 Ne8 40. Rb7
Nf6 41. Ng4 Nxg4+ 42. hxg4 Rd4 43. f3 Rxb4 44. Rd7 Rb1 45. Rxd6 b4 46. g5 b3
47. Rb6 b2 48. Rb8+ Kg7 49. Kg3 h6 50. gxh6+ Kxh6 51. Kg4 Kg7 52. Rb6 f6 53.
Rb7+ Kf8 54. d6 Rd1 55. Rxb2 Rxd6 56. Rb7 Rd2 57. g3 Rd4 1/2-1/2

[Event "Montreal ch"]
[Site "Montreal CAN"]
[Date "1979.??.??"]
[Round "?"]
[White "Spraggett, Kevin"]
[Black "Witt, Laszlo"]
[Result "1/2-1/2"]
[WhiteElo "2370"]
[BlackElo "2173"]
[PlyCount "96"]
[EventDate "1979.01.06"]
[EventType "tourn"]
[EventRounds "7"]
[EventCountry "CAN"]

1. e4 e5 2. Nf3 Nc6 3. Bb5 a6 4. Ba4 Nf6 5. O-O Be7 6. Re1 b5 7. Bb3 O-O 8. c3
d6 9. h3 Nb8 10. d4 Nbd7 11. Nbd2 Bb7 12. Bc2 c5 13. b3 Re8 14. d5 Bf8 15. a4
Nb6 16. a5 Nc8 17. Nf1 g6 18. Bg5 Bg7 19. Qd2 Ne7 20. N3h2 Bc8 21. b4 Nd7 22.
g4 Rf8 23. Ng3 Ra7 24. Rac1 Rc7 25. Bd3 f6 26. Be3 c4 27. Bb1 Rf7 28. Rf1 Rb7
29. f4 exf4 30. Bxf4 Ne5 31. Nf3 h5 32. gxh5 Bxh3 33. Nd4 Qd7 34. hxg6 N5xg6
35. Ndf5 Nxf5 36. Nxf5 Bxf5 37. exf5 Nxf4 38. Qxf4 Bf8 39. Kf2 Rg7 40. Rg1 Rb8
41. Rxg7+ Bxg7 42. Re1 Bf8 43. Re6 Qg7 44. Be4 Rd8 45. Bf3 Qh6 46. Qxh6 Bxh6
47. Ke2 Bf4 48. Rxf6 Be5 1/2-1/2

[Event "Montreal ch"]
[Site "Montreal CAN"]
[Date "1979.01.17"]
[Round "4"]
[White "Spraggett, Kevin"]
[Black "Coudari, Camille"]
[Result "1-0"]
[WhiteElo "2370"]
[BlackElo "2302"]
[PlyCount "81"]
[EventDate "1979.01.06"]
[EventType "tourn"]
[EventRounds "7"]
[EventCountry "CAN"]

1. e4 c6 2. d4 d5 3. exd5 cxd5 4. Bd3 Nf6 5. c3 Nc6 6. Bf4 g6 7. Nf3 Bf5 8.
Bxf5 gxf5 9. Nbd2 e6 10. O-O Bg7 11. Re1 O-O 12. Nf1 Ne4 13. Ng3 Nxg3 14. hxg3
Rc8 15. Qd3 a6 16. g4 Ne7 17. gxf5 Nxf5 18. g3 Qf6 19. Kg2 Qg6 20. Qd2 b5 21.
Rh1 b4 22. Ne5 Bxe5 23. Bxe5 bxc3 24. bxc3 f6 25. Bf4 Rc6 26. Rab1 Nh4+ 27. Kh3
Nf3 28. Qe3 Qe4 29. Qxe4 dxe4 30. Rb3 Rfc8 31. Kg2 e5 32. dxe5 fxe5 33. Be3
Rxc3 34. Rb7 a5 35. Rhxh7 Rxe3 36. Rbg7+ Kf8 37. Ra7 Kg8 38. Rhg7+ Kh8 39. fxe3
a4 40. Rh7+ Kg8 41. Rag7+ 1-0

[Event "Labour Day op"]
[Site "Toronto CAN"]
[Date "1978.??.??"]
[Round "?"]
[White "Spraggett, Kevin"]
[Black "Day, Lawrence"]
[Result "1/2-1/2"]
[WhiteElo "2399"]
[BlackElo "2406"]
[PlyCount "80"]
[EventDate "1978.09.02"]
[EventType "swiss"]
[EventRounds "6"]
[EventCountry "CAN"]

1. d4 Nf6 2. c4 c5 3. d5 e5 4. Nc3 d6 5. e4 Be7 6. Nf3 O-O 7. Bd3 Ne8 8. h3 Nd7
9. Qe2 a6 10. Be3 Kh8 11. O-O g6 12. Nh2 Ng7 13. Qd2 f5 14. exf5 gxf5 15. f4 e4
16. Be2 Nf6 17. Rfb1 Rg8 18. b4 b6 19. a4 a5 20. bxc5 bxc5 21. Ra3 Nge8 22. Nb5
Qd7 23. Kh1 Bd8 24. g4 Nc7 25. g5 Nfe8 26. Qb2+ Qg7 27. Qxg7+ Kxg7 28. Bc1 Na6
29. Bb2+ Kf8 30. h4 Nb4 31. Rc1 Rb8 32. Nf1 Rb7 33. Rg3 h6 34. Kg2 hxg5 35.
hxg5 Rh7 36. Rh3 Rxh3 37. Kxh3 Bxg5 38. fxg5 Rxg5 39. Kh2 f4 40. Nd2 f3 1/2-1/2

[Event "Quebec op"]
[Site "Montreal CAN"]
[Date "1978.07.26"]
[Round "5"]
[White "Spraggett, Kevin"]
[Black "Minaya, Juan"]
[Result "1-0"]
[WhiteElo "2399"]
[BlackElo "2355"]
[PlyCount "65"]
[EventDate "1978.07.22"]
[EventType "swiss"]
[EventRounds "9"]
[EventCountry "CAN"]

1. e4 e6 2. d4 c5 3. Nf3 cxd4 4. Nxd4 Nf6 5. Nc3 d6 6. Be3 a6 7. f4 b5 8. Qf3
Bb7 9. Bd3 Nbd7 10. g4 b4 11. Nce2 Nc5 12. Ng3 d5 13. e5 Nfe4 14. O-O-O Qc7 15.
Kb1 O-O-O 16. Rhe1 Be7 17. Qe2 Kb8 18. Nf3 Nc3+ 19. bxc3 Na4 20. Bd2 bxc3 21.
Be3 d4 22. Nxd4 Rxd4 23. Bxd4 Rd8 24. Be3 Bd5 25. Bxa6 Ka8 26. Ka1 Rb8 27. Rxd5
exd5 28. Qd3 Qa5 29. Rd1 d4 30. Bxd4 Rb2 31. Qc4 Nc5 32. Bxc5 Bxc5 33. Ne4 1-0

[Event "Quebec op"]
[Site "Montreal CAN"]
[Date "1978.07.30"]
[Round "9"]
[White "Spraggett, Kevin"]
[Black "Ivanovic, Bozidar"]
[Result "1-0"]
[WhiteElo "2399"]
[BlackElo "2460"]
[PlyCount "189"]
[EventDate "1978.07.22"]
[EventType "swiss"]
[EventRounds "9"]
[EventCountry "CAN"]

1. d4 d5 2. c4 e6 3. Nc3 Be7 4. Nf3 Nf6 5. Bg5 O-O 6. e3 b6 7. cxd5 exd5 8. Bd3
Nbd7 9. O-O Bb7 10. Rc1 c5 11. Bb1 Rc8 12. a3 Ne4 13. Bxe7 Qxe7 14. dxc5 Nxc3
15. Rxc3 bxc5 16. Qa4 Nb6 17. Qg4 g6 18. h4 Nc4 19. h5 Rc6 20. hxg6 hxg6 21.
Ba2 Nb6 22. Rfc1 Kg7 23. Nd4 Rf6 24. Rxc5 Nc4 25. b4 Ne5 26. Qe2 Qd6 27. Rc7
Rb8 28. R7c3 a6 29. f4 Nd7 30. Qd3 Nb6 31. R3c2 Re8 32. Re2 Qd7 33. Nf3 Kg8 34.
Ne5 Qd8 35. Rec2 Nc4 36. Bxc4 dxc4 37. Qxd8 Rxd8 38. Rxc4 Rd2 39. R1c2 Rfd6 40.
Rc7 Rd1+ 41. Kh2 Bd5 42. Rd7 Rxd7 43. Nxd7 Kg7 44. Nc5 Ra1 45. e4 Ba8 46. Rc3
Ra2 47. Kg3 f5 48. exf5 gxf5 49. Kh4 Kf6 50. Nd7+ Kg7 51. Nc5 Kf6 52. Rd3 Rxg2
53. Rd6+ Kf7 54. Rxa6 Rg4+ 55. Kh3 Bg2+ 56. Kh2 Bf1 57. Ra7+ Kg6 58. Ne6 Kf6
59. Nc7 Kg6 60. Nd5 Rg2+ 61. Kh1 Rb2 62. Kg1 Bd3 63. Rc7 Be4 64. Nc3 Rb3 65.
Rc4 Bd3 66. Rc6+ Kh5 67. Kf2 Rxa3 68. Ke3 Be4 69. Rc8 Rb3 70. b5 Bg2 71. Rh8+
Kg4 72. Rg8+ Kh3 73. Rc8 Kg4 74. Rg8+ Kh3 75. Kd4 Bf1 76. Rb8 Kg4 77. b6 Bg2
78. Rg8+ Kf3 79. Rg6 Bf1 80. Nd5 Bd3 81. Rc6 Ba6 82. Rc7 Rb1 83. Ke5 Kg4 84.
Ra7 Bd3 85. Ra4 Re1+ 86. Kd6 Be4 87. Rb4 Rd1 88. b7 Rxd5+ 89. Ke7 Rd8 90. Rxe4
Rb8 91. Rb4 Kf3 92. Kd7 Rxb7+ 93. Rxb7 Kxf4 94. Ke6 Kg4 95. Ke5 1-0

[Event "Ontario op"]
[Site "Ottawa CAN"]
[Date "1978.05.22"]
[Round "?"]
[White "Pacey, Kevin"]
[Black "Spraggett, Kevin"]
[Result "1-0"]
[WhiteElo "1869"]
[BlackElo "2399"]
[PlyCount "53"]
[EventDate "1978.05.20"]
[EventType "swiss"]
[EventRounds "6"]
[EventCountry "CAN"]

1. c4 e5 2. Nc3 d6 3. Nf3 Bg4 4. g3 Nc6 5. Bg2 f5 6. O-O Nf6 7. d3 Be7 8. Rb1
O-O 9. b4 Qd7 10. b5 Nd8 11. c5 Kh8 12. Qb3 Bxf3 13. cxd6 cxd6 14. Bxf3 Ne6 15.
Bxb7 Nd4 16. Bc6 Qc7 17. Qa4 Rac8 18. Be3 Nxc6 19. bxc6 Qxc6 20. Qxc6 Rxc6 21.
Rb7 Rxc3 22. Rxe7 Ra3 23. Ra1 a5 24. Re6 Ne8 25. Bg5 Kg8 26. Be7 Rf7 27. Rc1
1-0

[Event "CAN-ch"]
[Site "Toronto CAN"]
[Date "1978.??.??"]
[Round "2"]
[White "Spraggett, Kevin"]
[Black "Day, Lawrence"]
[Result "0-1"]
[WhiteElo "2450"]
[BlackElo "2350"]
[PlyCount "83"]
[EventDate "1978.??.??"]
[EventType "tourn"]
[EventRounds "15"]
[EventCountry "CAN"]

1. d4 Nf6 2. Nf3 d6 3. c4 Nbd7 4. Nc3 e5 5. e4 Be7 6. g3 O-O 7. Bg2 c6 8. O-O
a6 9. d5 cxd5 10. cxd5 b5 11. a3 Nb6 12. Ne1 Bd7 13. Nd3 Qb8 14. b3 a5 15. Bd2
Rc8 16. Qe2 Ra7 17. Rfc1 Rac7 18. Rab1 Qa7 19. h3 Qa6 20. Kh2 h6 21. Bf1 Ne8
22. Qe1 Bg5 23. f4 exf4 24. gxf4 Bf6 25. e5 Be7 26. e6 fxe6 27. dxe6 Bc6 28.
Ne2 Ba8 29. Ng3 Bh4 30. Qe2 Nf6 31. Ne1 Bxg3+ 32. Kxg3 Re7 33. Rxc8+ Qxc8 34.
Bxa5 Rxe6 35. Qxb5 Nbd5 36. Qc4 Qe8 37. f5 Re4 38. Qb5 Qe5+ 39. Kf2 Qxf5+ 40.
Kg1 Qg6+ 41. Ng2 Nf4 42. Rb2 0-1

[Event "CAN-ch"]
[Site "Toronto CAN"]
[Date "1978.??.??"]
[Round "3"]
[White "Kirton, Neil"]
[Black "Spraggett, Kevin"]
[Result "0-1"]
[WhiteElo "2200"]
[BlackElo "2450"]
[PlyCount "81"]
[EventDate "1978.??.??"]
[EventType "tourn"]
[EventRounds "15"]
[EventCountry "CAN"]

1. d4 Nf6 2. c4 c5 3. d5 e6 4. Nc3 exd5 5. cxd5 d6 6. e4 g6 7. Bd3 Bg7 8. Nge2
O-O 9. O-O Na6 10. h3 Bd7 11. Ng3 Qc7 12. f4 c4 13. Bc2 Rfe8 14. Qf3 b5 15. a3
b4 16. axb4 Nxb4 17. Bb1 Rab8 18. Kh1 a6 19. e5 dxe5 20. fxe5 Rxe5 21. Bf4 Be8
22. Bxe5 Qxe5 23. Qf4 Nfxd5 24. Qxe5 Bxe5 25. Nge2 Nc7 26. Ra5 Nb5 27. Be4 Rd8
28. Rd1 Rxd1+ 29. Nxd1 Bc7 30. Ra1 Nd6 31. Bf3 a5 32. Nec3 Nd3 33. Bd5 Kg7 34.
Ne3 Nxb2 35. Ra2 Bb6 36. Rxb2 Bxe3 37. Nd1 Bd4 38. Rd2 Bc5 39. Rc2 Ba4 40. Rc1
Bb3 41. Nb2 0-1

[Event "CAN-ch"]
[Site "Toronto CAN"]
[Date "1978.??.??"]
[Round "8"]
[White "Spraggett, Kevin"]
[Black "Coudari, Camille"]
[Result "1-0"]
[WhiteElo "2450"]
[BlackElo "2285"]
[PlyCount "80"]
[EventDate "1978.??.??"]
[EventType "tourn"]
[EventRounds "15"]
[EventCountry "CAN"]

1. e4 c6 2. d4 d5 3. exd5 cxd5 4. Bd3 Nf6 5. c3 Nc6 6. Bf4 Bg4 7. Qb3 Na5 8.
Qa4+ Bd7 9. Qc2 g6 10. Nf3 Bg7 11. Nbd2 a6 12. a4 b5 13. axb5 axb5 14. O-O O-O
15. b4 Nc4 16. h3 Nh5 17. Bh2 Bh6 18. Rfe1 Rxa1 19. Rxa1 Bf4 20. Nb3 Bxh2+ 21.
Nxh2 Qc7 22. Nc5 Bc8 23. Nf3 Nf4 24. Bf1 Qb6 25. Re1 Qf6 26. Ne5 Qg5 27. Kh2
Bf5 28. Qc1 Ra8 29. Nf3 Qh6 30. Rxe7 Ra2 31. Qe1 Nxh3 32. Bxc4 Nxf2+ 33. Kg3
Nh1+ 34. Qxh1 Qxh1 35. Bxa2 Kf8 36. Re1 Qh5 37. Bxd5 f6 38. Ne6+ Bxe6 39. Bxe6
g5 40. d5 g4 1-0

[Event "CAN-ch"]
[Site "Toronto CAN"]
[Date "1978.??.??"]
[Round "9"]
[White "Jauregui, Carlos"]
[Black "Spraggett, Kevin"]
[Result "0-1"]
[WhiteElo "2365"]
[BlackElo "2450"]
[PlyCount "82"]
[EventDate "1978.??.??"]
[EventType "tourn"]
[EventRounds "15"]
[EventCountry "CAN"]

1. g3 g6 2. Bg2 Bg7 3. Nf3 c5 4. O-O Nc6 5. e4 d6 6. c3 e5 7. d3 Nge7 8. Nh4
O-O 9. Nd2 Be6 10. Qe2 Qd7 11. Nc4 d5 12. exd5 Nxd5 13. Nf3 f6 14. a4 Rad8 15.
a5 Rfe8 16. Nfd2 h6 17. Ne4 Qe7 18. Be3 Nxe3 19. Qxe3 Bf8 20. Ned2 Rc8 21. a6
b6 22. Bxc6 Rxc6 23. Qe4 Qd7 24. Qxg6+ Bg7 25. Ne3 Bh3 26. Rfe1 Rf8 27. Ra4 f5
28. Qh5 f4 29. Nd5 Rd6 30. Nxf4 Bg4 31. Qh4 Qxa4 32. Qxg4 exf4 33. Nc4 Rdf6 34.
Ne5 Qe8 35. d4 cxd4 36. cxd4 fxg3 37. hxg3 h5 38. Qe2 Rxf2 39. Qc4+ Kh8 40. Re4
R2f5 41. Rh4 Bxe5 0-1